|
|
|
|
| LEADER |
00000cam a2200000 7i4500 |
| 001 |
0000005327 |
| 005 |
20151222.0 |
| 008 |
070803 |
| 020 |
|
|
|a 9833440045
|
| 090 |
0 |
0 |
|a COM
|b ENG
|
| 100 |
1 |
|
|a James, Lindy
|
| 245 |
1 |
0 |
|a Operating system
|c Lindy James
|
| 260 |
|
|
|a Kuala Lumpur :
|b Edaran Kemajuan ,
|c 2005
|
| 440 |
|
0 |
|a ICT series
|
| 500 |
|
|
|a Children ages 10-12 years old (pink)
|
| 650 |
|
0 |
|a Information technology
|
| 650 |
|
0 |
|a Junior fiction
|x English
|x Languages
|
| 710 |
0 |
|
|a Title
|
| 999 |
|
|
|a 0000897767
|b Book
|c Children Collection
|e Cawangan Tangkak
|
| 999 |
|
|
|a 0000897769
|b Book
|c Children Collection
|e Cawangan Segamat
|
| 999 |
|
|
|a 0000897770
|b Book
|c Children Collection
|e Cawangan Segamat
|
| 999 |
|
|
|a 0000977701
|b Book
|c Children Collection
|e Cawangan Bukit Gambir
|
| 999 |
|
|
|a 0000977704
|b Book
|c Children Collection
|e Cawangan Taman Universiti
|
| 999 |
|
|
|a 0000982554
|b Book
|c Children Collection
|e Perbadanan Perpustakaan Awam Johor
|
| 999 |
|
|
|a 0000982555
|b Book
|c Children Collection
|e Perbadanan Perpustakaan Awam Johor
|
| 999 |
|
|
|a 0000982556
|b Book
|c Children Collection
|e Cawangan Kota Tinggi
|
| 999 |
|
|
|a 0000982557
|b Book
|c Children Collection
|e Cawangan Segamat
|
| 999 |
|
|
|a 000897765
|b Book
|c Children Collection
|e Cawangan Batu Pahat
|
| 999 |
|
|
|a 000897766
|b Book
|c Children Collection
|e Cawangan Batu Pahat
|